00504nam a22001697a 450000500170000001000170001702000260003403500170006003700150007708200130009210000240010524500800012926000360020927000550024530000210030050000130032120180417115722.0 aB-690934-935 c270.00a9789385068263 aB-690934-935 bV.L.Media  a355.0092 aMishra, Pawan Kumar00aHero of batalik :cby Lajpat Raibparam vir chakra capt.Manoj Kr. Pandey / aNoidabV L Media Solutionc2015 aB-33, Sainik Nagar, Uttam NagarbNew Delhie110059 a206p.c20cm(pbb) aBalidali